Normal view
MARC view
- Boats and boating
Entry Topical Term
001 - CONTROL NUMBER
- control field: 13703
003 - CONTROL NUMBER IDENTIFIER
- control field: NUST
005 - DATE AND TIME OF LATEST TRANSACTION
- control field: 20190221084208.0
008 - FIXED-LENGTH DATA ELEMENTS
- fixed length control field: 190221|| aca||aabn | a|a d
040 ## - CATALOGING SOURCE
- Original cataloging agency: NUST
- Transcribing agency: NUST
150 ## - HEADING--TOPICAL TERM
- Topical term or geographic name entry element: Boats and boating
- Form subdivision: Fiction.
670 ## - SOURCE DATA FOUND
- Source citation: Work cat.: (NUST)0: Jerome, Jerome K. (Jerome Klapka), 1859-1927. 13702, 3 men in a boat, 1942.
